000 01402cam a2200289 a 4500
999 _c4579
_d4579
001 16701676
003 OSt
005 20181210155718.0
008 110322s2011 cau b 000 0 eng
010 _a 2011011728
020 _a9780830758715 (hard cover)
040 _aDLC
_cDLC
042 _apcc
050 0 0 _aBV4330
_b.W75 2011
082 0 0 _a259.6
_222
_bW947H
100 1 _aWright, H. Norman.
245 1 0 _aHelping those in grief /
_cH. Norman Wright.
260 _aVentura, Calif. :
_bRegal,
_cc2011.
300 _a256 p. ;
_c24 cm.
504 _aIncludes bibliographic references (p. [253]-256)
505 0 _aShattered dreams: the beginning of a journey of grief -- Case studies: what would you say or do? -- The world of grief -- Models of grief -- The variations and complications of grief -- Handling relief in grief -- Types of death: sudden and anticipatory -- When grief continues: problems in grieving and recovery -- How to begin the initial session with a grieving person -- The family in grief -- Helping grievers move on in life -- Grief coaching -- Verbatim transcripts of live counseling sessions.
650 0 _aChurch work with the bereaved.
650 0 _aBereavement
_xReligious aspects
_xChristianity.
906 _a7
_bcbc
_corignew
_d1
_eecip
_f20
_gy-gencatlg
942 _2ddc
_cBK